| 000 | 00711nam a2200241 a 4500 | ||
|---|---|---|---|
| 008 | |||
| 020 | _a812030960X (pbk.) | ||
| 049 | _aMAIN | ||
| 090 | _aHG4027.5 | ||
| 100 | 1 | _aShapiro, Alan C. | |
| 245 | 1 | 0 |
_aMultinational financial management / _cAlan C. Shapiro. |
| 250 | _a4th ed. | ||
| 260 |
_aNew Dehli : _bPrentice-Hall, _c2002. |
||
| 300 |
_axviii, 729 p. : _bill. ; _c24 cm. |
||
| 504 | _aIncludes bibliographical references. | ||
| 500 | _aIncludes index. | ||
| 650 | 0 |
_aInternational business enterprises _xFinance. |
|
| 907 |
_a.b10059258 _b16-12-11 _c17-04-03 |
||
| 003 | |||
| 005 | 20230120134357.0 | ||
| 040 | _cNUST | ||
| 942 |
_cBOOKS _kHG4027.5 |
||
| 999 |
_c96655 _d96655 |
||